000 00809nam a2200241 a 4500
001 67201
003 BD-RjUL
005 20211209081627.0
008 170322s1962 nyua 001 0 eng
035 _a(BD-RjUL)67332
040 _aDLC
_cDLC
_dBD-RjUL
_beng
041 _aeng
082 0 0 _a621.381
_223
_bMAE 1962
100 1 _aMalmstadt, Howard V.
_9199078
245 1 0 _aElectronics for scientists : principles and experiments for those who use instruments /
_cH. V. Malmstadt and C. G. Enke, with the assistance of E. C. Toren, Jr.
260 _aNew York:
_bW. A. Benjamin,
_cc1962.
300 _axi, 619 p. :
_bill. ;
_c24 cm.
500 _aIncludes Indexes.
650 0 _aElectronics.
_9199079
700 1 _aEnke, Christie G.,
_d1933-
_ejoint author.
_942637
942 _2ddc
_cBK
999 _c67201
_d67201